Nič si nepamätám! Ľubomír Karásek sa uzdravuje a plánuje...

Bibliographic Details
Main Author: Lukáčová, Ludmila, 1979- (Author)
Format: Article
Language:Slovak
PhysicalDescription:Fotogr.
ISSN:1336-4030
Subjects:
Online Access:www.vecernik.po.sk

MARC

LEADER 00000nab a2200000 a 4500
001 vtls008299940
003 SK-MaSNL
005 20260304012447.0
008 160322c20050530xo dr n 000 00slo
038 |a SVKPOCL 
040 |a SVKPOCL  |b slo  |c SVKPO  |e AACR2 
041 0 |a slo 
044 |a xo  |c SK 
080 |a 7.097.071.2  |2 UDC-MRF-SK2 
080 |a 929 Karásek, Ľubomír  |2 UDC-MRF-SK2 
100 1 |a Lukáčová, Ludmila,  |d 1979-  |4 aut  |9 165915 
245 1 0 |a Nič si nepamätám!  |b Ľubomír Karásek sa uzdravuje a plánuje...  |c Ľudmila Lukáčová 
300 |a Fotogr. 
600 1 7 |a Karásek, Ľubomír,  |d 1958-  |2 svkpocl 
773 0 |t Prešovský večerník  |g Roč. XVI, č. 3721 (30.5.2005), s. 18  |x 1336-4030 
852 |a SVKPO  |b KIS3GCP 
856 4 1 |u www.vecernik.po.sk 
958 |a BX 
999 |c 2571621  |d 2573551